| 000 | 00000nam 2200000za 4500 |
| 001 | 9.817220 |
| 003 | CaOODSP |
| 005 | 20221107142428 |
| 007 | cr ||||||||||| |
| 008 | 160509s1989 onc |o f|0| 0 eng d |
| 040 | |aCaOODSP|beng |
| 043 | |an-cn--- |
| 086 | 1 |aCS89F0060/1989E-PDF |
| 100 | 1 |aWright, Wendy. |
| 245 | 10|aWorking paper |h[electronic resource] : |bcomparison of 1981 and 1986 census counts on visible minorities in Canada / |cWendy Wright. |
| 260 | |a[Ottawa] : |bStatistics Canada, |c1989. |
| 300 | |a92 p. : |btables. |
| 500 | |aIssued also in French under title: Document de travail : comparaison des chiffres des recensements de 1981 et de 1986 sur les minorités visibles au Canada. |
| 500 | |aDigitized edition from print [produced by Statistics Canada]. |
| 500 | |a"February, 1989." |
| 504 | |aIncludes bibliographic references. |
| 692 | 07|2gccst|aVisibile minorities |
| 710 | 2 |aStatistics Canada. |
| 775 | 08|tDocument de travail |w(CaOODSP)9.817222 |
| 856 | 40|qPDF|s826 KB|uhttps://publications.gc.ca/collections/collection_2016/statcan/CS89F0060-1989-eng.pdf |